000 00377nam a22001577a 4500
005 20170401140445.0
008 170401b xxu||||| |||| 00| 0 eng d
020 _a978-81-269-0910-3
041 _aeng
100 _aKOLAY,A K
_93764
245 _aMANURES AND FERTILIZERS
260 _bATLANTIC PUBLICATION
_c2007
300 _a173
650 _aAGRICULTURE
_92837
942 _cBK
999 _c5376
_d5374